banner koha

Control of diamondback moth with Lippia gracilis essential oil (Registro n. 299529)

MARC details
000 -LÍDER
fixed length control field 03782nab a2200337 i 4500
003 - CÓDIGO MARC DA AGÊNCIA CATALOGADORA
Campo de controle BR-BrBNA
005 - DATA E HORA DA ÚLTIMA ATUALIZAÇÃO
Campo de controle 20240510104525.0
008 - CAMPO DE TAMANHO FIXO
fixed length control field 240510b2022 bl.ar|pooa||| 00| 0 eng |
040 ## - FONTE DA CATALOGAÇÃO
Agência catalogadora BR-BrBNA
Idioma da catalogação eng
072 ## - CATEGORIA AGRIS
Código AGRIS H10
Código do objeto 4020
072 ## - CATEGORIA AGRIS
Código AGRIS F30
100 ## - ENTRADA PRINCIPAL - NOME PESSOAL
Nome pessoal Oliveira, Joseane de Jesus
100 ## - ENTRADA PRINCIPAL - NOME PESSOAL
Nome pessoal Passos, Eliana Maria dos
100 ## - ENTRADA PRINCIPAL - NOME PESSOAL
Nome pessoal Aragão, Roberta Morais
100 ## - ENTRADA PRINCIPAL - NOME PESSOAL
Nome pessoal Santos, Tárcio Souza
100 ## - ENTRADA PRINCIPAL - NOME PESSOAL
Nome pessoal Cruz, Elizângela Mércia Oliveira
100 ## - ENTRADA PRINCIPAL - NOME PESSOAL
Nome pessoal Mendonça, Marcelo da Costa
245 ## - TÍTULO PRINCIPAL
Título principal Control of diamondback moth with Lippia gracilis essential oil
500 ## - NOTA GERAL
Nota geral Publicação on-line; 32 ref.; 4 tables; 3 illus.; Summaries (En, Pt)
942 ## - ADDED ENTRY ELEMENTS (KOHA)
Koha item type
520 ## - NOTA DE RESUMO
Nota de conteúdo <br/><br/>Abstract – The objective of this work was to evaluate the potential of the essential oils of the LGRA-106 and LGRA-108 Lippia gracilis genotypes for the control of diamondback moth (Plutella xylostella). The lethal concentrations (LCs) were estimated by two routes of action (residual and spraying), using oil concentrations ranging from 0.5 to 3.0% v v-1, diluted in Tween 80 (1.5%). To determine the effect of the LC to 50% (LC50) on the development of P. xylostella, two compounds of the L. gracilis genotypes, thymol, and carvacrol, were sprayed on the insects. The repellency of the LC50 was evaluated by residual action, in a free-choice behavioral bioassay. The LGRA-106 genotype showed a greater toxicity via residual action (LC50 = 8.82 mg mL-1), as well as a higher repellency index. LGRA-108 was more toxic via spraying (LC50= 9.64 mg mL-1). Larval development and viability were reduced in approximately 50% with LGRA-106 or thymol and up to 70% with LGRA-108 or carvacrol, which caused mortality from 1.70 to 1.97 days after spraying. The oils of the LGRA106 and LGRA-108 genotypes of L. gracilis have insecticidal activity in the control of P. xylostella.<br/><br/><br/>Index terms: Plutella xylostella, alecrim-da-chapada, insecticidal activity
520 ## - NOTA DE RESUMO
Nota de conteúdo <br/><br/>Resumo – O objetivo deste trabalho foi avaliar o potencial do óleo essencial dos genótipos LGRA-106 e LGRA-108 de Lippia gracilis no controle de traça-das-crucíferas (Plutella xylostella). As concentrações letais (CLs) foram estimadas por duas vias de ação (residual e pulverização), com uso dos óleos em concentrações de 0,5 a 3,0% v v-1, diluídos em Tween 80 (1,5%). Para determinar o efeito da CL média (CL50) no desenvolvimento de P. xylostella, dois compostos dos genótipos de L. gracilis, timol e carvacrol, foram pulverizados nos insetos. A repelência da CL50 foi avaliada por ação residual, em bioensaio com chance de escolha. O genótipo LGRA-106 apresentou maior toxicidade via ação residual (CL50 = 8,82 mg mL-1), bem como maior índice de repelência. Já o LGRA-108 foi mais tóxico via pulverização (CL50 = 9,64 mg mL-1). O desenvolvimento e a viabilidade larval foram reduzidos em cerca de 50% com o LGRA-106 ou o timol e, em até 70%, com o LGRA-108 ou o carvacrol, que causaram mortalidade de 1,70 a 1,97 dias após a pulverização. Os óleos dos genótipos LGRA-106 e LGRA-108 de L. gracilis possuem atividade inseticida no controle de P. xylostella.<br/><br/><br/>Termos para indexação: Plutella xylostella, alecrim-da-chapada, atividade inseticida.
650 ## - ASSUNTO - THESAGRO
Cabeçalho tópico ou nome geográfico PRAGA DE PLANTA
650 ## - ASSUNTO - THESAGRO
Cabeçalho tópico ou nome geográfico TRAÇA-DAS-CRUCÍFERAS
650 ## - ASSUNTO - THESAGRO
Cabeçalho tópico ou nome geográfico CONTROLE ALTERNATIVO
650 ## - ASSUNTO - THESAGRO
Cabeçalho tópico ou nome geográfico ÓLEO ESSENCIAL
650 ## - ASSUNTO - THESAGRO
Cabeçalho tópico ou nome geográfico GENÓTIPO
773 0# - ENTRADA ANALÍTICA
Host Biblionumber 920
Registro do item 25802
Imprenta Brasília-DF Empresa Brasileira de Pesquisa Agropecuária - EMBRAPA 1966-
Outro identificador 2023-436358
Título Pesquisa Agropecuária Brasileira (Brazil)
ISSN 0100-204X
Colação v. 57 p. 1-9; (2022)
Número de controle de registro BR2024000652
856 ## - ACESSO E ENDEREÇO ELETRÔNICO
Identificador uniforme de recurso - URI https://www.scielo.br/j/pab/a/R3yz88Ywf5B34Vy4K9GVfNs/?format=pdf&lang=en

Nenhum exemplar disponível.

BINAGRI

Telefone: (61)3218-2567/2388/3357/2097 - binagri@agro.gov.br

Ministério da Agricultura e Pecuária , Esplanada dos Ministérios, Bloco D, Anexo B, Brasília/DF, CEP: 70.043-900